000 00301nam a22000977a 4500
008 230313b |||||||| |||| 00| 0 eng d
040 _aNational Science Library
_cNational Science Library
245 _aSkyways
260 _aBombay:
_bAeronautical Publications of India Private Limited,
_c1976
942 _cCR
999 _c7896
_d7896